[Event "Madrid-ch 2018-2019 - Previa A"]
[Site "Madrid ESP"]
[Date "2019.02.04"]
[Round "1.1"]
[White "Lopez Orellana, Federico"]
[Black "Andrade Sandoval, Bianca"]
[Result "1-0"]
[WhiteElo "1732"]
[BlackElo "1981"]
[PlyCount "63"]
[EventDate "2019.02.04"]
[EventType "swiss"]
[EventRounds "9"]
[EventCountry "ESP"]
[SourceTitle "Ajedrez en Madrid"]
[Source "lmi"]
[SourceDate "2019.02.04"]
[SourceVersion "1"]
[SourceVersionDate "2019.02.22"]
[SourceQuality "1"]

1. d4 d5 2. e3 Nf6 3. f4 Bf5 4. Bd3 Bg4 5. Nf3 e6 6. Nbd2 c5 7. c3 Nc6 8. Qa4
Bd6 9. Ne5 Qc7 10. Ndf3 O-O 11. Nxg4 Nxg4 12. Ne5 Ncxe5 13. fxe5 Be7 14. Qd1 f5
15. O-O Bg5 16. Qf3 Qb6 17. h3 Nh6 18. b3 Nf7 19. Kh1 Qa5 20. Bb2 Rac8 21. c4
Qd2 22. Qe2 Qxe2 23. Bxe2 Bxe3 24. cxd5 cxd4 25. Ba3 Rfd8 26. dxe6 Nxe5 27. e7
Re8 28. Rxf5 Ng6 29. Bc4+ Kh8 30. Raf1 Nxe7 31. Bxe7 h6 32. Rf8+ 1-0

[Event "Madrid-ch 2018-2019 - Previa A"]
[Site "Madrid ESP"]
[Date "2019.02.04"]
[Round "1.2"]
[White "Lopez de Turiso, Jose Angel"]
[Black "Barahona Torrijos, Angel"]
[Result "1/2-1/2"]
[WhiteElo "1970"]
[BlackElo "1714"]
[PlyCount "124"]
[EventDate "2019.02.04"]
[EventType "swiss"]
[EventRounds "9"]
[EventCountry "ESP"]
[SourceTitle "Ajedrez en Madrid"]
[Source "lmi"]
[SourceDate "2019.02.04"]
[SourceVersion "1"]
[SourceVersionDate "2019.02.22"]
[SourceQuality "1"]

1. d4 Nf6 2. Nf3 c5 3. c4 e6 4. Nc3 cxd4 5. Nxd4 d5 6. Bg5 e5 7. Nf3 d4 8. Nd5
Be7 9. Nxe7 Qxe7 10. g3 Nc6 11. a3 Be6 12. Rc1 Rd8 13. Nd2 Bf5 14. e4 dxe3 15.
Bxe3 Be4 16. f3 Bf5 17. Bg2 e4 18. Kf2 O-O 19. Rf1 exf3 20. Bxf3 Na5 21. Kg1
Nxc4 22. Rxc4 Qxe3+ 23. Rf2 Rfe8 24. Qc1 h5 25. Nf1 Qxc1 26. Rxc1 Be4 27. Rc7
Bxf3 28. Rxf3 Rd7 29. Rfc3 Ree7 30. Rxd7 Rxd7 31. Kg2 Ne4 32. Rc2 f5 33. Kf3 g5
34. Ke2 Kf7 35. Rc8 Re7 36. Kf3 Nf6 37. Ne3 Kg6 38. Rc5 Ng4 39. Nxg4 hxg4+ 40.
Kf2 f4 41. Rc2 f3 42. Rd2 Kf5 43. Rd5+ Re5 44. Rd2 Re2+ 45. Rxe2 fxe2 46. Kxe2
Ke4 47. a4 b6 48. Kf2 Kd3 49. Kg2 Kc2 50. h4 gxh3+ 51. Kxh3 Kxb2 52. Kg4 Kb3
53. Kxg5 Kxa4 54. g4 Kb5 55. Kf5 Kc6 56. Ke6 a5 57. g5 a4 58. g6 a3 59. g7 a2
60. g8=Q a1=Q 61. Qc8+ Kb5 62. Qd7+ Kc4 1/2-1/2

[Event "Madrid-ch 2018-2019 - Previa A"]
[Site "Madrid ESP"]
[Date "2019.02.04"]
[Round "1.3"]
[White "Lopez Peral, Enrique"]
[Black "Estevez Sacristan, Deva"]
[Result "0-1"]
[WhiteElo "1714"]
[BlackElo "1952"]
[PlyCount "56"]
[EventDate "2019.02.04"]
[EventType "swiss"]
[EventRounds "9"]
[EventCountry "ESP"]
[SourceTitle "Ajedrez en Madrid"]
[Source "lmi"]
[SourceDate "2019.02.04"]
[SourceVersion "1"]
[SourceVersionDate "2019.02.22"]
[SourceQuality "1"]

1. c4 e6 2. g3 d5 3. cxd5 exd5 4. Bg2 Nf6 5. Nf3 Be7 6. O-O O-O 7. d4 c6 8. Bg5
Nbd7 9. Nc3 h6 10. Bxf6 Nxf6 11. Qc2 Be6 12. Nh4 Qd7 13. Rad1 Ng4 14. Nf3 f5
15. Ne5 Nxe5 16. dxe5 f4 17. Qd2 Bg5 18. Qd4 Rf7 19. Ne4 dxe4 20. Qxe4 Qe8 21.
Rd4 Bf5 22. Qf3 Qxe5 23. Rfd1 fxg3 24. Qxg3 Qxg3 25. hxg3 Bc2 26. Re1 Raf8 27.
f4 Bd8 28. Rd2 Ba4 0-1

[Event "Madrid-ch 2018-2019 - Previa A"]
[Site "Madrid ESP"]
[Date "2019.02.04"]
[Round "1.4"]
[White "Viñas Lopez, Carlos"]
[Black "Caamaño Jimenez, Luis"]
[Result "1-0"]
[WhiteElo "1942"]
[BlackElo "1709"]
[PlyCount "60"]
[EventDate "2019.02.04"]
[EventType "swiss"]
[EventRounds "9"]
[EventCountry "ESP"]
[SourceTitle "Ajedrez en Madrid"]
[Source "lmi"]
[SourceDate "2019.02.04"]
[SourceVersion "1"]
[SourceVersionDate "2019.02.22"]
[SourceQuality "1"]

1. d4 d6 2. e4 Nd7 3. Nf3 g6 4. Nc3 Bg7 5. Be2 c5 6. Be3 b6 7. Qd2 Bb7 8. d5
Qc8 9. O-O Ba6 10. Bxa6 Qxa6 11. a4 Qc8 12. h3 Ngf6 13. Bh6 O-O 14. b3 Re8 15.
Bxg7 Kxg7 16. Nh2 c4 17. b4 a5 18. Rab1 axb4 19. Rxb4 Rb8 20. Nf3 Qc5 21. Rfb1
e6 22. Rb5 Qc7 23. dxe6 Rxe6 24. Nd5 Nxd5 25. Qxd5 Nf6 26. Qd4 Rxe4 27. Qb2 c3
28. Qb3 Nd7 29. a5 Rb7 30. axb6 Rc4 1-0

[Event "Madrid-ch 2018-2019 - Previa A"]
[Site "Madrid ESP"]
[Date "2019.02.04"]
[Round "1.5"]
[White "De Dompablo Fantova, Juan"]
[Black "Perez Agusti, Luis"]
[Result "1/2-1/2"]
[WhiteElo "1678"]
[BlackElo "1934"]
[PlyCount "58"]
[EventDate "2019.02.04"]
[EventType "swiss"]
[EventRounds "9"]
[EventCountry "ESP"]
[SourceTitle "Ajedrez en Madrid"]
[Source "lmi"]
[SourceDate "2019.02.04"]
[SourceVersion "1"]
[SourceVersionDate "2019.02.22"]
[SourceQuality "1"]

1. e4 d5 2. exd5 Nf6 3. d4 Nxd5 4. Nf3 g6 5. Be2 Bg7 6. O-O O-O 7. c4 Nb6 8.
Be3 Nc6 9. Nc3 Bg4 10. c5 Nd5 11. Nxd5 Qxd5 12. h3 Bf5 13. Qd2 Rad8 14. Rfd1 e5
15. dxe5 Qe4 16. Qe1 Nxe5 17. Nxe5 Qxe5 18. Rxd8 Rxd8 19. Rd1 Qe7 20. Rd2 Be4
21. Qd1 Rxd2 22. Qxd2 Bc6 23. b4 a6 24. Bc4 Bf6 25. Bh6 Bg7 26. Bxg7 Kxg7 27.
Qd4+ Kg8 28. Qf4 Kg7 29. Qd4+ Kg8 1/2-1/2

[Event "Madrid-ch 2018-2019 - Previa A"]
[Site "Madrid ESP"]
[Date "2019.02.04"]
[Round "1.6"]
[White "Bello Burguet, Glenier Lazaro"]
[Black "Marivela Santos, Juan Carlos"]
[Result "1-0"]
[WhiteElo "1934"]
[BlackElo "1677"]
[PlyCount "67"]
[EventDate "2019.02.04"]
[EventType "swiss"]
[EventRounds "9"]
[EventCountry "ESP"]
[SourceTitle "Ajedrez en Madrid"]
[Source "lmi"]
[SourceDate "2019.02.04"]
[SourceVersion "1"]
[SourceVersionDate "2019.02.22"]
[SourceQuality "1"]

1. Nf3 d5 2. c4 Nf6 3. cxd5 Qxd5 4. Nc3 Qa5 5. g3 c6 6. Bg2 Bf5 7. O-O e6 8. d3
h6 9. Bd2 Qd8 10. Qb3 Qb6 11. Qc2 Bh7 12. Na4 Qd8 13. Qb3 Qc8 14. Rfc1 Nbd7 15.
Bb4 Rb8 16. Bxf8 Rxf8 17. Qa3 Qc7 18. b4 Qd6 19. Nb2 a6 20. Nc4 Qc7 21. Rab1
Nd5 22. b5 axb5 23. Nd6+ Kd8 24. Nxb5 Qc8 25. Nd6 Qc7 26. Nd4 c5 27. N4b5 Qc6
28. e4 Ne7 29. d4 b6 30. dxc5 Nxc5 31. Rd1 Nd7 32. Rbc1 Qa8 33. Qc3 Nc5 34.
Qxg7 1-0

[Event "Madrid-ch 2018-2019 - Previa A"]
[Site "Madrid ESP"]
[Date "2019.02.04"]
[Round "1.7"]
[White "Martinez Miura, Enrique"]
[Black "Vazquez Gonzalez, Francisco"]
[Result "1/2-1/2"]
[WhiteElo "1673"]
[BlackElo "1931"]
[PlyCount "105"]
[EventDate "2019.02.04"]
[EventType "swiss"]
[EventRounds "9"]
[EventCountry "ESP"]
[SourceTitle "Ajedrez en Madrid"]
[Source "lmi"]
[SourceDate "2019.02.04"]
[SourceVersion "1"]
[SourceVersionDate "2019.02.22"]
[SourceQuality "1"]

1. e4 e5 2. Nf3 Nc6 3. Bb5 f5 4. exf5 e4 5. Bxc6 dxc6 6. Ne5 Nf6 7. O-O Bd6 8.
d4 Qe7 9. Nc4 Bxf5 10. Nxd6+ cxd6 11. Bf4 O-O 12. Nd2 d5 13. a3 Bg4 14. f3 exf3
15. Nxf3 Ne4 16. Be5 Ng5 17. Qd3 Nxf3+ 18. gxf3 Bh3 19. Rf2 Qh4 20. Bg3 Qh5 21.
Re1 Rae8 22. Re5 Rxe5 23. dxe5 Qg5 24. Qd2 Qxd2 25. Rxd2 Rxf3 26. Rf2 Re3 27.
Rd2 Kf7 28. Kf2 Re4 29. c3 h5 30. Rd4 Ke6 31. Rxe4 dxe4 32. Ke3 Kd5 33. b3 b5
34. Kf4 a5 35. Be1 g5+ 36. Kxg5 Kxe5 37. Bg3+ Kd5 38. Kf4 Bf1 39. Ke3 Bd3 40.
Be1 a4 41. bxa4 bxa4 42. Bh4 Kc4 43. Kd2 Kd5 44. Ke3 Bb1 45. Kd2 Ba2 46. Ke3
Bc4 47. Be7 Bf1 48. h4 Bh3 49. Bf6 Bf5 50. Be7 Bh7 51. Bf6 Kc4 52. Kd2 Bg6 53.
Be7 1/2-1/2

[Event "Madrid-ch 2018-2019 - Previa A"]
[Site "Madrid ESP"]
[Date "2019.02.04"]
[Round "1.8"]
[White "Alvarez Abejon, Amilcar"]
[Black "Lizon Martinez, Santiago"]
[Result "1/2-1/2"]
[WhiteElo "1919"]
[BlackElo "1663"]
[PlyCount "67"]
[EventDate "2019.02.04"]
[EventType "swiss"]
[EventRounds "9"]
[EventCountry "ESP"]
[SourceTitle "Ajedrez en Madrid"]
[Source "lmi"]
[SourceDate "2019.02.04"]
[SourceVersion "1"]
[SourceVersionDate "2019.02.22"]
[SourceQuality "1"]

1. d4 Nf6 2. Bf4 e6 3. e3 b6 4. Nf3 Bb7 5. Nbd2 d6 6. h3 Nbd7 7. Bd3 Be7 8. O-O
O-O 9. Qe2 c5 10. c3 Qc7 11. Bh2 Rfe8 12. e4 e5 13. d5 a6 14. a4 Rec8 15. Rfe1
Bf8 16. Nh4 g6 17. f4 Bh6 18. fxe5 Nxe5 19. Bxe5 dxe5 20. Rf1 Nh5 21. Nf5 Bf4
22. d6 Qd8 23. Bc4 b5 24. axb5 axb5 25. Bd5 Bxd5 26. exd5 Rxa1 27. Rxa1 gxf5
28. Qxh5 Bxd2 29. Qxf5 Ra8 30. Rxa8 Qxa8 31. Qxe5 Qa1+ 32. Kh2 Qc1 33. Qe8+ Kg7
34. Qe5+ 1/2-1/2

[Event "Madrid-ch 2018-2019 - Previa A"]
[Site "Madrid ESP"]
[Date "2019.02.04"]
[Round "1.9"]
[White "Boni De Aristizabal, Marco"]
[Black "Esteban Amo, Jose M"]
[Result "0-1"]
[WhiteElo "1662"]
[BlackElo "1918"]
[PlyCount "42"]
[EventDate "2019.02.04"]
[EventType "swiss"]
[EventRounds "9"]
[EventCountry "ESP"]
[SourceTitle "Ajedrez en Madrid"]
[Source "lmi"]
[SourceDate "2019.02.04"]
[SourceVersion "1"]
[SourceVersionDate "2019.02.22"]
[SourceQuality "1"]

1. e4 c5 2. c3 d5 3. exd5 Nf6 4. Nf3 Nxd5 5. d4 e6 6. g3 Nc6 7. Bg2 Be7 8. O-O
O-O 9. Re1 Qb6 10. b3 cxd4 11. Nxd4 Nxc3 12. Nxc6 Nxd1 13. Nxe7+ Kh8 14. Rxd1
Rd8 15. Rxd8+ Qxd8 16. Nxc8 Qd4 17. Bxb7 Qxa1 18. Bf4 Qxb1+ 19. Kg2 Rxc8 20.
Bxc8 Qe4+ 21. Kf1 Qc6 0-1

[Event "Madrid-ch 2018-2019 - Previa A"]
[Site "Madrid ESP"]
[Date "2019.02.04"]
[Round "1.10"]
[White "Cabañas Bravo, Juan Andres"]
[Black "Marcelo De La Mata, Daniel"]
[Result "1-0"]
[WhiteElo "1916"]
[BlackElo "1649"]
[PlyCount "113"]
[EventDate "2019.02.04"]
[EventType "swiss"]
[EventRounds "9"]
[EventCountry "ESP"]
[SourceTitle "Ajedrez en Madrid"]
[Source "lmi"]
[SourceDate "2019.02.04"]
[SourceVersion "1"]
[SourceVersionDate "2019.02.22"]
[SourceQuality "1"]

1. e4 d6 2. d4 g6 3. Nc3 Bg7 4. f4 Nf6 5. Nf3 O-O 6. e5 dxe5 7. fxe5 Nd5 8. Bc4
c6 9. O-O h6 10. Bb3 Na6 11. Ne2 b5 12. c3 Nac7 13. a4 a6 14. a5 Ne6 15. c4
bxc4 16. Bxc4 Nec7 17. Bd2 Be6 18. Ba2 Nb5 19. Qc1 Kh7 20. Qxc6 Rc8 21. Qxa6
Ndc7 22. Qb7 Bxa2 23. Rxa2 Ra8 24. b4 Qd7 25. Qe4 f5 26. Qd3 e6 27. Rc1 g5 28.
h3 Kh8 29. Rac2 Rfd8 30. Rc6 g4 31. hxg4 fxg4 32. Nh4 Qf7 33. Qg6 Rf8 34. Qxf7
Rxf7 35. Ng6+ Kg8 36. Ngf4 Raf8 37. g3 Nd5 38. Rxe6 Nxf4 39. Bxf4 Nc7 40. Rd6
Rb8 41. Bd2 Nb5 42. Rg6 Kh7 43. Rxg4 Nxd4 44. Nxd4 Bxe5 45. Nc6 Re8 46. Nxe5
Rxe5 47. Rgc4 Rff5 48. Rc5 Kg6 49. Bf4 Re2 50. R1c2 Re4 51. b5 h5 52. Rc6+ Rf6
53. Kf2 Ra4 54. a6 h4 55. Rxf6+ Kxf6 56. Kf3 h3 57. Kg4 1-0

[Event "Madrid-ch 2018-2019 - Previa A"]
[Site "Madrid ESP"]
[Date "2019.02.04"]
[Round "1.11"]
[White "Bellagamba, Pascal"]
[Black "Vazquez Gonzalez, Jesus"]
[Result "0-1"]
[WhiteElo "1649"]
[BlackElo "1916"]
[PlyCount "124"]
[EventDate "2019.02.04"]
[EventType "swiss"]
[EventRounds "9"]
[EventCountry "ESP"]
[SourceTitle "Ajedrez en Madrid"]
[Source "lmi"]
[SourceDate "2019.02.04"]
[SourceVersion "1"]
[SourceVersionDate "2019.02.22"]
[SourceQuality "1"]

1. Nf3 c5 2. e4 a6 3. Nc3 e6 4. g3 Nc6 5. Bg2 d5 6. d3 d4 7. Ne2 e5 8. O-O Be7
9. h3 Be6 10. Bd2 h6 11. Kh2 g5 12. Rh1 Qd7 13. Ne1 Nf6 14. a3 b5 15. b3 Bd6
16. a4 b4 17. Kg1 Ne7 18. h4 g4 19. Qc1 h5 20. Bg5 Nh7 21. Kh2 O-O-O 22. Bd2
Ng6 23. Kg1 a5 24. f4 gxf3 25. Nxf3 Bg4 26. Qf1 f6 27. Bh3 Bxh3 28. Qxh3 Rhg8
29. Qxd7+ Rxd7 30. Kf2 Rf7 31. Ke1 Nhf8 32. Rf1 Ne6 33. Nfg1 Ne7 34. Nh3 Kd7
35. Rf3 Rg6 36. Kf2 Ke8 37. Rf1 Bc7 38. Ke1 Rf8 39. Bc1 Bd8 40. Bd2 Nc6 41. Bc1
Nb8 42. Bd2 Nd7 43. Bc1 c4 44. dxc4 Nec5 45. Nf2 Rfg8 46. Rf5 Rh8 47. Bd2 d3
48. cxd3 Nxb3 49. Be3 Bb6 50. Nd1 Nd4 51. Bxd4 exd4 52. R1f3 Ne5 53. Rxf6 Nxf3+
54. Rxf3 Rf8 55. Rxf8+ Kxf8 56. Kf2 Rf6+ 57. Nf4 Bc7 58. Kf3 b3 59. c5 Bxf4 60.
gxf4 Rc6 61. Nb2 Rxc5 62. Nc4 Rxc4 0-1

[Event "Madrid-ch 2018-2019 - Previa A"]
[Site "Madrid ESP"]
[Date "2019.02.04"]
[Round "1.12"]
[White "Gueler Berdasco, Martin"]
[Black "Rodriguez Bachiller, Luis"]
[Result "1-0"]
[WhiteElo "1904"]
[BlackElo "1635"]
[PlyCount "59"]
[EventDate "2019.02.04"]
[EventType "swiss"]
[EventRounds "9"]
[EventCountry "ESP"]
[SourceTitle "Ajedrez en Madrid"]
[Source "lmi"]
[SourceDate "2019.02.04"]
[SourceVersion "1"]
[SourceVersionDate "2019.02.22"]
[SourceQuality "1"]

1. Nf3 Nf6 2. g3 g6 3. Bg2 Bg7 4. c4 d6 5. Nc3 c5 6. O-O O-O 7. d4 cxd4 8. Nxd4
a6 9. e4 Qc7 10. Qe2 Nc6 11. Nxc6 bxc6 12. Bf4 Nd7 13. Rac1 Re8 14. Rfd1 Rb8
15. b3 Bb7 16. Qd2 c5 17. h4 Nf6 18. Re1 Rbd8 19. Re2 Bc8 20. Nd5 Nxd5 21. exd5
Bg4 22. Ree1 h5 23. Bh6 e5 24. dxe6 Rxe6 25. Bd5 Rxe1+ 26. Rxe1 Qd7 27. Bxg7
Kxg7 28. Qe3 Kf8 29. Qh6+ Kg8 30. Qxg6+ 1-0

[Event "Madrid-ch 2018-2019 - Previa A"]
[Site "Madrid ESP"]
[Date "2019.02.04"]
[Round "1.13"]
[White "Martinez Pintor, Juan"]
[Black "Ruiz Quevedo, Andres"]
[Result "1/2-1/2"]
[WhiteElo "1604"]
[BlackElo "1896"]
[PlyCount "39"]
[EventDate "2019.02.04"]
[EventType "swiss"]
[EventRounds "9"]
[EventCountry "ESP"]
[SourceTitle "Ajedrez en Madrid"]
[Source "lmi"]
[SourceDate "2019.02.04"]
[SourceVersion "1"]
[SourceVersionDate "2019.02.22"]
[SourceQuality "1"]

1. d4 Nf6 2. c4 e6 3. Nc3 Bb4 4. e3 b6 5. Bd3 Bb7 6. Nf3 Ne4 7. Qc2 Bxc3+ 8.
bxc3 f5 9. a4 O-O 10. a5 Ng5 11. Be2 Be4 12. Qb3 Nc6 13. axb6 cxb6 14. Ba3 Na5
15. Qb4 Qf6 16. Qd6 Nxf3+ 17. gxf3 Bc6 18. Qf4 Rfc8 19. Rg1 Nb7 20. Kd2 1/2-1/2

[Event "Madrid-ch 2018-2019 - Previa A"]
[Site "Madrid ESP"]
[Date "2019.02.04"]
[Round "1.14"]
[White "Garcia Prados, David"]
[Black "Villodre Miranda, Juan Alonso"]
[Result "1-0"]
[WhiteElo "1880"]
[BlackElo "1603"]
[PlyCount "75"]
[EventDate "2019.02.04"]
[EventType "swiss"]
[EventRounds "9"]
[EventCountry "ESP"]
[SourceTitle "Ajedrez en Madrid"]
[Source "lmi"]
[SourceDate "2019.02.04"]
[SourceVersion "1"]
[SourceVersionDate "2019.02.22"]
[SourceQuality "1"]

1. e4 c6 2. d4 d5 3. e5 e6 4. Nf3 c5 5. c3 Nc6 6. Be3 cxd4 7. cxd4 h6 8. Nc3
Nge7 9. Rc1 Nf5 10. Bd3 Nxe3 11. fxe3 a6 12. O-O Be7 13. Qe2 Bd7 14. Qf2 O-O
15. Bb1 g6 16. Kh1 b5 17. Nd2 Kg7 18. e4 dxe4 19. Ncxe4 f5 20. exf6+ Bxf6 21.
Nxf6 Qxf6 22. Qg3 Qg5 23. Qc7 Qe7 24. Rxc6 Rxf1+ 25. Nxf1 Rf8 26. Rc1 Kh7 27.
Qe5 Bc6 28. Ng3 Qb7 29. Be4 Rc8 30. Bxc6 Rxc6 31. Rxc6 Qxc6 32. Qc5 Qd7 33. h3
Qf7 34. Qe5 h5 35. Ne4 Qf1+ 36. Kh2 Qc1 37. Ng5+ Kh6 38. Nxe6 1-0

[Event "Madrid-ch 2018-2019 - Previa A"]
[Site "Madrid ESP"]
[Date "2019.02.04"]
[Round "1.15"]
[White "Gortazar Rubial, Javier Maria"]
[Black "Fernandez Aransay, Fernando"]
[Result "0-1"]
[WhiteElo "1601"]
[BlackElo "1869"]
[PlyCount "78"]
[EventDate "2019.02.04"]
[EventType "swiss"]
[EventRounds "9"]
[EventCountry "ESP"]
[SourceTitle "Ajedrez en Madrid"]
[Source "lmi"]
[SourceDate "2019.02.04"]
[SourceVersion "1"]
[SourceVersionDate "2019.02.22"]
[SourceQuality "1"]

1. e4 c5 2. Nc3 d6 3. f4 Nc6 4. Nf3 g6 5. Bb5 Bd7 6. O-O Bg7 7. d3 Nd4 8. a4
Bxb5 9. Nxb5 Nf6 10. Nbxd4 cxd4 11. Kh1 Nd7 12. f5 O-O 13. Qe1 Rc8 14. Qf2 Qb6
15. b3 Qc5 16. Ra2 Nb8 17. Ba3 Qb6 18. Bb2 Nc6 19. Ba1 Nb4 20. Rb2 Rc7 21. Qd2
Rfc8 22. fxg6 hxg6 23. Ng5 Nxc2 24. Qf4 Bf6 25. h4 Ne3 26. Rg1 Rc1 27. Rb1
Rxg1+ 28. Rxg1 Qxb3 29. Bxd4 Bxd4 30. Nf3 Qxd3 31. Qh6 Ng4 32. Qg5 Bxg1 33.
Qxg4 Rc5 34. Kxg1 Qd1+ 35. Kh2 Qxa4 36. Qf4 Qc4 37. Qh6 Qxe4 38. Ng5 Qe5+ 39.
Kh3 Qg7 0-1

[Event "Madrid-ch 2018-2019 - Previa A"]
[Site "Madrid ESP"]
[Date "2019.02.04"]
[Round "1.16"]
[White "Lopez Heras, Arturo"]
[Black "Martinez Martinez, Javier II"]
[Result "1-0"]
[WhiteElo "1868"]
[BlackElo "1588"]
[PlyCount "111"]
[EventDate "2019.02.04"]
[EventType "swiss"]
[EventRounds "9"]
[EventCountry "ESP"]
[SourceTitle "Ajedrez en Madrid"]
[Source "lmi"]
[SourceDate "2019.02.04"]
[SourceVersion "1"]
[SourceVersionDate "2019.02.22"]
[SourceQuality "1"]

1. d4 Nf6 2. Nf3 g6 3. Nc3 d5 4. Bf4 c6 5. h3 Bg7 6. Qd2 O-O 7. Bh6 Ne4 8. Nxe4
dxe4 9. Bxg7 Kxg7 10. Ne5 Nd7 11. Nxd7 Bxd7 12. e3 a5 13. Be2 Qc7 14. Rd1 Rfd8
15. Qc3 Kg8 16. O-O Qd6 17. a3 b5 18. Qe1 b4 19. a4 Be6 20. f3 exf3 21. Rxf3
Bd5 22. Rf4 Qe6 23. Qf2 Rf8 24. b3 f5 25. Bd3 Kg7 26. Rf1 Qc8 27. Qh4 Qd8 28.
e4 Bxe4 29. Bxe4 Qxd4+ 30. Kh1 Qf6 31. Qxf6+ Rxf6 32. Bf3 e5 33. Rc4 e4 34. Be2
Rd6 35. Kg1 Rc8 36. Kf2 Kf6 37. Rd1 Ke5 38. Rc5+ Ke6 39. Bc4+ Ke7 40. Rxd6 Kxd6
41. Rxa5 Rc7 42. Ra8 Ke5 43. Rb8 Kd4 44. Rxb4 Kc3 45. Rb6 Kxc2 46. a5 f4 47. a6
Kd2 48. Rb7 e3+ 49. Kf3 Rc8 50. Rd7+ Ke1 51. Kxf4 e2 52. Re7 Rf8+ 53. Kg3 Kd2
54. Rxe2+ Kc3 55. Re7 h6 56. Rc7 1-0

[Event "Madrid-ch 2018-2019 - Previa A"]
[Site "Madrid ESP"]
[Date "2019.02.04"]
[Round "1.17"]
[White "Rubio Gonzalez, Beltran"]
[Black "De Vicente Guijarro, Juan"]
[Result "1/2-1/2"]
[WhiteElo "1579"]
[BlackElo "1867"]
[PlyCount "35"]
[EventDate "2019.02.04"]
[EventType "swiss"]
[EventRounds "9"]
[EventCountry "ESP"]
[SourceTitle "Ajedrez en Madrid"]
[Source "lmi"]
[SourceDate "2019.02.04"]
[SourceVersion "1"]
[SourceVersionDate "2019.02.22"]
[SourceQuality "1"]

1. d4 d5 2. Bf4 Nf6 3. e3 g6 4. Nc3 Bg7 5. h4 O-O 6. h5 Nxh5 7. Rxh5 gxh5 8.
Qxh5 f5 9. Nf3 e6 10. O-O-O Qe8 11. Qh2 Na6 12. Be2 c5 13. Ne5 Qe7 14. Rh1 Bf6
15. g4 cxd4 16. exd4 fxg4 17. Bd3 Bg5 18. Ne2 1/2-1/2

[Event "Madrid-ch 2018-2019 - Previa A"]
[Site "Madrid ESP"]
[Date "2019.02.04"]
[Round "1.18"]
[White "Camarero Izquierdo, Juan Carlos"]
[Black "Cujba, Anca-Claudia"]
[Result "1-0"]
[WhiteElo "1867"]
[BlackElo "1576"]
[PlyCount "59"]
[EventDate "2019.02.04"]
[EventType "swiss"]
[EventRounds "9"]
[EventCountry "ESP"]
[SourceTitle "Ajedrez en Madrid"]
[Source "lmi"]
[SourceDate "2019.02.04"]
[SourceVersion "1"]
[SourceVersionDate "2019.02.22"]
[SourceQuality "1"]

1. d4 Nc6 2. e4 d5 3. e5 Bf5 4. f4 f6 5. Bd3 Nxd4 6. Bxf5 Nxf5 7. g4 Nh4 8. Nc3
d4 9. Nb5 fxe5 10. fxe5 c5 11. Qe2 e6 12. Nh3 Ng6 13. Bg5 Qd7 14. O-O-O a6 15.
Na3 h6 16. Bf4 Nxf4 17. Nxf4 Ne7 18. Nc4 Nd5 19. Nxd5 Qxd5 20. Nb6 Qxa2 21.
Nxa8 Qa1+ 22. Kd2 Qxb2 23. Qc4 b5 24. Qxe6+ Kd8 25. Qb6+ Ke8 26. Nc7+ Kd7 27.
e6+ Kc8 28. Nd5 Bd6 29. Qxd6 Kb7 30. Qc7+ 1-0

[Event "Madrid-ch 2018-2019 - Previa A"]
[Site "Madrid ESP"]
[Date "2019.02.04"]
[Round "1.19"]
[White "Mejias Gonzalez, Pedro"]
[Black "Garcia Diez, Mariano"]
[Result "0-1"]
[WhiteElo "1574"]
[BlackElo "1863"]
[PlyCount "96"]
[EventDate "2019.02.04"]
[EventType "swiss"]
[EventRounds "9"]
[EventCountry "ESP"]
[SourceTitle "Ajedrez en Madrid"]
[Source "lmi"]
[SourceDate "2019.02.04"]
[SourceVersion "1"]
[SourceVersionDate "2019.02.22"]
[SourceQuality "1"]

1. e4 c5 2. Nf3 d6 3. d3 Nc6 4. g3 Nf6 5. Bg2 g6 6. O-O Bg7 7. h3 O-O 8. g4 Rb8
9. Nc3 b5 10. Rb1 b4 11. Ne2 Qa5 12. Ra1 e5 13. Bd2 Qb6 14. b3 d5 15. Ng3 dxe4
16. dxe4 Ba6 17. Re1 Rfd8 18. Qc1 Rd6 19. Bf1 Bxf1 20. Kxf1 Qb5+ 21. Kg2 c4 22.
Be3 c3 23. Rd1 Rbd8 24. Rxd6 Rxd6 25. Bh6 Nd4 26. Bxg7 Kxg7 27. Nxd4 exd4 28.
Qe1 Nd7 29. Qf1 Qxf1+ 30. Kxf1 d3 31. cxd3 Rxd3 32. Ke1 Kf6 33. Rd1 Rxd1+ 34.
Kxd1 Ke5 35. f3 Kf4 36. Ne2+ Kxf3 37. Nd4+ Kxe4 38. Nc6 a5 39. Nxa5 Ne5 40. Kc2
f5 41. gxf5 gxf5 42. Nb7 Ke3 43. Nd6 f4 44. Nf5+ Ke4 45. Nd6+ Kd5 46. Nf5 Nc6
47. Nh4 Ke4 48. a4 Nd4+ 0-1

[Event "Madrid-ch 2018-2019 - Previa A"]
[Site "Madrid ESP"]
[Date "2019.02.04"]
[Round "1.20"]
[White "Garcia Galeote, Lorenzo"]
[Black "Martinez Carrasco, Jesus"]
[Result "1-0"]
[WhiteElo "1855"]
[BlackElo "1567"]
[PlyCount "71"]
[EventDate "2019.02.04"]
[EventType "swiss"]
[EventRounds "9"]
[EventCountry "ESP"]
[SourceTitle "Ajedrez en Madrid"]
[Source "lmi"]
[SourceDate "2019.02.04"]
[SourceVersion "1"]
[SourceVersionDate "2019.02.22"]
[SourceQuality "1"]

1. d4 Nf6 2. c4 g6 3. Nc3 Bg7 4. e4 d6 5. Nge2 O-O 6. Ng3 e5 7. d5 Nbd7 8. Be2
Nc5 9. h4 Nfd7 10. Qc2 h5 11. Bg5 f6 12. Be3 Rf7 13. Qd2 Nf8 14. O-O-O a5 15.
Kb1 Bd7 16. f3 a4 17. Bxc5 dxc5 18. a3 Kh7 19. Bd3 Bh6 20. Qf2 b6 21. Rdg1 Be8
22. Nge2 Rg7 23. g4 g5 24. gxh5 Ne6 25. Ng3 Nd4 26. Nf5 Nxf5 27. exf5 Qd6 28.
Ne4 Qd8 29. hxg5 fxg5 30. f6 Rf7 31. Nxg5+ Kh8 32. Nxf7+ Bxf7 33. Qh4 c6 34.
Qe4 Bg8 35. f7 cxd5 36. Rxg8+ 1-0

[Event "Madrid-ch 2018-2019 - Previa A"]
[Site "Madrid ESP"]
[Date "2019.02.04"]
[Round "1.21"]
[White "Santos Rodriguez, Jose"]
[Black "Martin Vazquez, Jose Luis"]
[Result "0-1"]
[WhiteElo "1552"]
[BlackElo "1832"]
[PlyCount "48"]
[EventDate "2019.02.04"]
[EventType "swiss"]
[EventRounds "9"]
[EventCountry "ESP"]
[SourceTitle "Ajedrez en Madrid"]
[Source "lmi"]
[SourceDate "2019.02.04"]
[SourceVersion "1"]
[SourceVersionDate "2019.02.22"]
[SourceQuality "1"]

1. d4 Nf6 2. Bf4 d6 3. e3 g6 4. Be2 Bg7 5. h3 O-O 6. Nf3 c5 7. c3 Nc6 8. Nbd2
Bf5 9. O-O cxd4 10. cxd4 Rc8 11. a3 Ne4 12. Rc1 e5 13. dxe5 dxe5 14. Bh2 Nxd2
15. Nxd2 Qe7 16. e4 Be6 17. Bg4 Rfd8 18. Qe2 Nd4 19. Qe3 Nc2 20. Qe2 Nd4 21.
Qe3 Bxg4 22. hxg4 Rxc1 23. Rxc1 Bh6 24. Qe1 Bxd2 0-1